| 000 | 00944nas a2200265 4500 | ||
|---|---|---|---|
| 001 | BR8000820 | ||
| 003 | BR-BrBNA | ||
| 005 | 20231205084133.0 | ||
| 007 | ta | ||
| 008 | 230509b bl.|||p| |||| 00| 00por d | ||
| 040 |
_aBR-BrBNA _bpor _cBiblioteca Nacional de Agricultura |
||
| 041 | _a(En) | ||
| 072 | _aS10 | ||
| 100 | 1 | _aLee, T.S.G. | |
| 100 | 1 | _aCrocomo, O.J. | |
| 245 | 1 | _aThe structure of storage proteins in Phaseolus vulgaris beans (W. goiano precoce)[Feijao; Proteina; Semente; Composicao de alimento; Brasil] | |
| 246 | 1 | _a[The structure of storage proteins in Phaseolus vulgaris beans [Bean; Protein; Seed; Food composition; Brazil]] | |
| 650 | _aComposicao de alimento | ||
| 650 | _aFeijao | ||
| 650 | _aProteina | ||
| 650 | _aSemente | ||
| 773 | 0 |
_tArquivos de Biologia e Tecnologia (Brazil) _xISSN 0365-0979 _g(1979), v. 22(1) p. 23-45 _wBR8000820 |
|
| 909 |
_a202311 _bLúcia _c55 _dLúcia Elande |
||
| 942 |
_2AGRIS _n0 _cANA |
||
| 999 |
_c103360 _d103360 |
||